International standards for phytosanitary measures Guidelines for surveillance
The book describes the components of survey and monitoring systems for the purpose of pest detection and the supply of information for use in pest risk analyses, the establishment of pest free areas and, where appropriate, the preparation of pest lists
Gardado en:
| Autor Principal: | |
|---|---|
| Formato: | Libro |
| Idioma: | Undetermined |
| Publicado: |
Rome, Italy
FAO
1998
|
| Những chủ đề: | |
| Các nhãn: |
Engadir etiqueta
Sen Etiquetas, Sexa o primeiro en etiquetar este rexistro!
|
| Thư viện lưu trữ: | Trung tâm Học liệu Trường Đại học Cần Thơ |
|---|
| LEADER | 00788nam a2200205Ia 4500 | ||
|---|---|---|---|
| 001 | CTU_29880 | ||
| 008 | 210402s9999 xx 000 0 und d | ||
| 082 | |a 632.9 | ||
| 082 | |b I.62/1998 | ||
| 100 | |a FAO | ||
| 245 | 0 | |a International standards for phytosanitary measures | |
| 245 | 0 | |b Guidelines for surveillance | |
| 245 | 0 | |c FAO | |
| 260 | |a Rome, Italy | ||
| 260 | |b FAO | ||
| 260 | |c 1998 | ||
| 520 | |a The book describes the components of survey and monitoring systems for the purpose of pest detection and the supply of information for use in pest risk analyses, the establishment of pest free areas and, where appropriate, the preparation of pest lists | ||
| 650 | |a plants, protection of | ||
| 904 | |i Minh, 990429 | ||
| 980 | |a Trung tâm Học liệu Trường Đại học Cần Thơ | ||